01123cam a22002895a 45000010009000000050017000090080041000260200029000670200031000960400028001270820020001551000026001752450132002012600048003333000033003815000024004145040031004386500033004696500039005026500028005416510010005696530037005797000024006169420020006409990017006609520156006771811070020151208121838.0140410t2014 nyua frb 001 0 eng d a0071834907 (alk. paper)  a9780071834902 (alk. paper) aDLCbengcDLCdEG-ScBUE04a658.31222bLAM1 aLamont, Erika.93887110aTalent selection and onboarding tool kit :bhow to find, hire, and develop the best of the best /cErica Lamont and Anne Bruce. aNew York :bMCGraw-Hill Education,cc.2014. axi, 176 p. :bill. ;c21 cm. aIndex : p. 173-176. aBibliography : p. 171-172. 0aEmployee orientation.2BUEsh 7aEmployee motivation.2BUEsh934407 0aEmployee morale.2BUEsh 2BUEsh bBUSADMcAugust2015cDecember20151 aBruce, Anne,d1952- 2ddck658.31 LAM c20619d20591 00102ddc40708BaccahaMAINbMAINc1STd2015-08-19ePurchaseg176.00h21758l1m2o658.31 LAMp000030713r2025-07-15 00:00:00s2019-03-03v220.00yBB